| 000 | 00343 a2200109 4500 | ||
|---|---|---|---|
| 001 | ART_2263 | ||
| 005 | 20260410161724.0 | ||
| 008 | 260409a | ||
| 245 | 1 | 0 | _aCreatividad y estrategias de innovación |
| 100 | 1 | _aDrucker, Peter Ferdinand | |
| 773 | 0 |
_tAdministración de empresas _g- Año XVII, Nº 200 (nov. 1986) _wREV2036 |
|
| 999 |
_c17236 _d17236 |
||